[Event "Howell (US Am N/5/17)"]
[Site "?"]
[Date "1996.??.??"]
[Round "?"]
[White "Roberts, Kenneth"]
[Black "McNeil, Yaking"]
[Result "1-0"]
[WhiteElo "1820"]
[BlackElo "1605"]
[PlyCount "71"]
[EventDate "1996.??.??"]

{5/(17)} 1. c4 c6 2. Nc3 d5 3. cxd5 cxd5 4. d4 Nc6 5. Nf3 Bf5 6. Bf4 e6 7. a3
Rc8 8. e3 a6 9. Be2 Bd6 10. Bxd6 Qxd6 11. O-O Nf6 12. Rc1 O-O 13. Nh4 Bg6 14.
Nxg6 fxg6 15. f4 Ne7 16. g4 Nd7 17. Bd3 Nb6 18. Qe2 Nc6 19. Nb1 Nxd4 20. exd4
Rxc1 21. Rxc1 Rxf4 22. Rf1 Rxd4 23. Qf3 Qe7 24. Nc3 Nd7 25. h3 Ne5 26. Qe3 Rxd3
27. Qxe5 Qc5+ 28. Kg2 Qc8 29. Qe2 Rxc3 30. bxc3 h6 31. Qe5 Qc6 32. Kh2 Qc4 33.
Qxe6+ Kh7 34. Rf8 Qa2+ 35. Kg3 Qxa3 36. Qg8# 1-0

[Event "Detroit (Class A/3/4)"]
[Site "?"]
[Date "1996.??.??"]
[Round "?"]
[White "Roberts, Kenneth"]
[Black "Lubben, Don"]
[Result "0-1"]
[WhiteElo "1850"]
[BlackElo "1880"]
[PlyCount "64"]
[EventDate "1996.??.??"]

{3/(4)} 1. d4 e6 2. c4 Nf6 3. Nf3 d5 4. Nc3 Bb4 5. Qc2 c6 6. a3 Be7 7. e3 Nbd7
8. Bd3 b6 9. O-O Bb7 10. e4 dxe4 11. Nxe4 Nxe4 12. Bxe4 Nf6 13. Be3 Qc7 14.
Rad1 Nxe4 15. Qxe4 Rd8 16. Rfe1 O-O 17. Bf4 Qd7 18. Ne5 Qc8 19. Nf3 Bf6 20. Bg5
c5 21. d5 exd5 22. Qf4 Bxg5 23. Nxg5 h6 24. Re5 f6 25. Ne6 fxe5 26. Qxe5 Rf6
27. Nxg7 Kxg7 28. Rd3 Qe6 29. Rg3+ Kf8 30. Qc3 Re8 31. Re3 d4 32. Rxe6 dxc3 0-1

[Event "Detroit (Class A/4/6)"]
[Site "?"]
[Date "1996.??.??"]
[Round "?"]
[White "Roberts, Kenneth"]
[Black "Evans Sr., Thomas"]
[Result "0-1"]
[WhiteElo "1850"]
[BlackElo "1940"]
[PlyCount "68"]
[EventDate "1996.??.??"]

{4/(6)} 1. d4 b6 2. c4 Bb7 3. Nf3 e6 4. Nc3 Bb4 5. a3 Bxc3+ 6. bxc3 Ne7 7. Bf4
Ng6 8. Bg3 O-O 9. e3 d6 10. h4 h6 11. Bd3 f5 12. h5 Nh8 13. Qc2 Nd7 14. O-O-O
Nf6 15. Bh4 Qe8 16. Bxf6 Rxf6 17. e4 Bc6 18. Qe2 fxe4 19. Bxe4 d5 20. Bd3 Qf8
21. Nh4 Qxa3+ 22. Kd2 Qb2+ 23. Bc2 Qa2 24. f4 Ba4 25. Rc1 Bxc2 26. Rxc2 Qxc4
27. Qe5 Nf7 28. Qe3 Nd6 29. g4 Ne4+ 30. Ke1 c5 31. Rhh2 Raf8 32. Ng6 Re8 33. g5
hxg5 34. fxg5 Rf1# 0-1

[Event "Howell (US Am N/2/22)"]
[Site "?"]
[Date "1996.??.??"]
[Round "?"]
[White "Roberts, Kenneth"]
[Black "Dolin, Jack"]
[Result "1/2-1/2"]
[WhiteElo "1820"]
[BlackElo "1605"]
[PlyCount "29"]
[EventDate "1996.??.??"]

{2/(22)} 1. d4 d5 2. c4 e6 3. Nc3 Nf6 4. e3 Bb4 5. a3 Bxc3+ 6. bxc3 O-O 7. Nf3
Nbd7 8. cxd5 exd5 9. Bd3 c5 10. O-O Re8 11. c4 dxc4 12. Bxc4 Nb6 13. Qb3 Nxc4
14. Qxc4 cxd4 15. Qxd4 1/2-1/2

[Event "Flint (MI Jr/3/17)"]
[Site "?"]
[Date "1996.??.??"]
[Round "?"]
[White "Roberts, Andy"]
[Black "Mullane, B."]
[Result "1-0"]
[WhiteElo "1605"]
[BlackElo "1605"]
[PlyCount "41"]
[EventDate "1996.??.??"]

{3/(17)} 1. e4 d5 2. exd5 Qxd5 3. Nc3 Qc6 4. Nf3 Nf6 5. Bb5 Qxb5 6. Nxb5 Nc6 7.
Nxc7+ Kd7 8. Nxa8 e5 9. d3 Kd8 10. O-O Bf5 11. Re1 e4 12. dxe4+ Kc8 13. exf5
Bc5 14. Bf4 Ng4 15. Bg3 Nb4 16. Nc7 Rd8 17. Qe2 g6 18. fxg6 fxg6 19. Rad1 Rxd1
20. Rxd1 Nxa2 21. Qe8# 1-0

[Event "Kalamazoo (MI Am/3/1)"]
[Site "?"]
[Date "1996.??.??"]
[Round "?"]
[White "Robbins, Fred"]
[Black "Rotberg, Victor"]
[Result "1-0"]
[WhiteElo "1920"]
[BlackElo "1800"]
[PlyCount "133"]
[EventDate "1996.??.??"]

{3/(1)} 1. f4 d5 2. Nf3 Bg4 3. e3 Bxf3 4. Qxf3 Nf6 5. b3 Nc6 6. Bb2 e6 7. Bb5
Be7 8. O-O O-O 9. Bxc6 bxc6 10. d3 Ne8 11. Nd2 Bf6 12. Bxf6 Qxf6 13. d4 c5 14.
c3 Qe7 15. Qe2 Nf6 16. Rfc1 a6 17. h3 Rfc8 18. Rc2 a5 19. a3 Rcb8 20. Qd3 c6
21. Kf2 Nd7 22. g3 h5 23. e4 Rb6 24. e5 f5 25. Qe3 Rab8 26. dxc5 Nxc5 27. b4
axb4 28. cxb4 Ne4+ 29. Nxe4 fxe4 30. Rac1 Qd7 31. Rc5 Ra6 32. Rd1 Rba8 33. Rc3
Qa7 34. Qxa7 R8xa7 35. Ra1 Rb7 36. Rac1 Rbb6 37. g4 d4 38. Rb3 hxg4 39. hxg4
Ra7 40. Rc4 Rd7 41. a4 d3 42. Ke1 e3 43. Re4 e2 44. Kd2 c5 45. b5 e1=Q+ 46.
Kxe1 d2+ 47. Kd1 Rb8 48. Rc3 Rd5 49. f5 Rf8 50. Rf3 g6 51. f6 Rfd8 52. b6 c4
53. Rc3 R8d7 54. Rcxc4 Rd3 55. Rc7 Rd8 56. Re2 Rb3 57. Rxd2 Rxd2+ 58. Kxd2 Rxb6
59. Rg7+ Kf8 60. Rxg6 Ra6 61. Rg7 Rxa4 62. g5 Re4 63. g6 Rxe5 64. Rb7 Rd5+ 65.
Kc3 Rd8 66. Rh7 Rc8+ 67. Kd3 1-0

[Event "Kalamazoo (MI Am/1/2)"]
[Site "?"]
[Date "1996.??.??"]
[Round "?"]
[White "Robbins, Fred"]
[Black "Nixon, Peter"]
[Result "1-0"]
[WhiteElo "1920"]
[BlackElo "1605"]
[PlyCount "57"]
[EventDate "1996.??.??"]

{1/(2)} 1. f4 Nf6 2. Nf3 b6 3. b3 Bb7 4. Bb2 e6 5. e3 Be7 6. Be2 O-O 7. O-O d5
8. Ne5 Nc6 9. Nxc6 Bxc6 10. Bf3 Qd7 11. d3 Rad8 12. Na3 Bb7 13. Qe2 c5 14. c4
dxc4 15. Bxb7 cxd3 16. Qf3 Nd5 17. Bxd5 Qxd5 18. Qxd5 Rxd5 19. Rad1 a6 20. Kf2
Rc8 21. e4 Rd7 22. Nc4 Bd8 23. Ne5 Rd6 24. Rxd3 Rxd3 25. Nxd3 c4 26. Rc1 b5 27.
Ne5 Bf6 28. bxc4 bxc4 29. Rxc4 1-0

[Event "Howell (US Am N/3/45)"]
[Site "?"]
[Date "1996.??.??"]
[Round "?"]
[White "Robbins, Fred"]
[Black "Michaels, M."]
[Result "1-0"]
[WhiteElo "1920"]
[BlackElo "1605"]
[PlyCount "45"]
[EventDate "1996.??.??"]

{3/(45)} 1. f4 d5 2. Nf3 Nc6 3. b3 Nf6 4. Bb2 e6 5. e3 Bb4 6. Bd3 O-O 7. O-O
Ne4 8. Ne5 Nxe5 9. fxe5 Bc5 10. Bxe4 dxe4 11. Nc3 c6 12. Nxe4 Bb4 13. d3 Qb6
14. d4 Rd8 15. Qg4 g6 16. Rf3 c5 17. Raf1 h5 18. Nf6+ Kf8 19. Nxh5 Rd7 20. Qxg6
Qc7 21. Qg7+ Ke7 22. Rxf7+ Ke8 23. Rf8# 1-0

[Event "Kalamazoo (MI Am/5/1)"]
[Site "?"]
[Date "1996.??.??"]
[Round "?"]
[White "Robbins, Fred"]
[Black "Drysdale, Gilbert"]
[Result "0-1"]
[WhiteElo "1920"]
[BlackElo "1840"]
[PlyCount "72"]
[EventDate "1996.??.??"]

{5/(1)} 1. f4 e5 2. d3 Nc6 3. Nf3 Bc5 4. e3 exf4 5. d4 Bb6 6. Be2 Nf6 7. exf4
O-O 8. O-O d6 9. c3 Bg4 10. h3 Bf5 11. Nbd2 a6 12. Nc4 Ba7 13. Ne3 Bd7 14. Bd3
Ne7 15. Ng4 Nxg4 16. hxg4 Bxg4 17. Bxh7+ Kh8 18. Kf2 g6 19. Bxg6 fxg6 20. Bd2
Qd7 21. Qb3 Qb5 22. Qd1 Rae8 23. Qc2 Bf5 24. Qd1 Qxb2 25. Kg3 Bc2 26. Rh1+ Kg7
27. Qg1 Nf5+ 28. Kg4 Rh8 29. Re1 Rxh1 30. Qxh1 Rxe1 31. Qxe1 Qxa2 32. Ng5 Qd5
33. Qh1 Nh6+ 34. Kg3 Qf5 35. Qh4 Qd3+ 36. Nf3 Nf5+ 0-1

[Event "Howell (US Am N/1/17)"]
[Site "?"]
[Date "1996.??.??"]
[Round "?"]
[White "Robbins, Fred"]
[Black "Dolin, Jack"]
[Result "0-1"]
[WhiteElo "1920"]
[BlackElo "1605"]
[PlyCount "122"]
[EventDate "1996.??.??"]

{1/(17)} 1. Nf3 Nf6 2. g3 b6 3. Bg2 Bb7 4. O-O c5 5. c4 d5 6. d4 e6 7. Nc3 Nbd7
8. cxd5 Nxd5 9. Nxd5 Bxd5 10. b3 Be7 11. Qd3 cxd4 12. Nxd4 Bxg2 13. Kxg2 Nc5
14. Qf3 Qd5 15. Qxd5 exd5 16. Bb2 Bf6 17. Rad1 O-O 18. Ba3 Rfe8 19. e3 Rac8 20.
Nb5 Ne4 21. Bc1 a6 22. Nd4 Nc3 23. Rd2 Rc7 24. Nf5 Rd8 25. Bb2 g6 26. Nh6+ Kg7
27. Ng4 Ne4 28. Bxf6+ Nxf6 29. Nxf6 Kxf6 30. Rfd1 Ke6 31. e4 Rcd7 32. exd5+
Rxd5 33. Rxd5 Rxd5 34. Rxd5 Kxd5 35. Kf3 Kd4 36. g4 Kc3 37. Ke4 Kb2 38. Kd5
Kxa2 39. Kc6 b5 40. b4 Kb3 41. Kc5 Kc3 42. g5 Kb3 43. h3 Kc3 44. h4 Kb3 45. f4
Kc3 46. Kd6 Kxb4 47. Ke7 a5 48. Kxf7 a4 49. Kg7 a3 50. Kxh7 a2 51. Kxg6 a1=Q
52. f5 Qh8 53. h5 Qg8+ 54. Kf6 Kc5 55. h6 Kd6 56. g6 b4 57. h7 Qh8+ 58. g7 Qxh7
59. g8=Q Qh4+ 60. Kf7 Qc4+ 61. Kg7 Qxg8+ 0-1

[Event "Howell (US Am N/5/24)"]
[Site "?"]
[Date "1996.??.??"]
[Round "?"]
[White "Robbins, Fred"]
[Black "Carpenter, George"]
[Result "1-0"]
[WhiteElo "1920"]
[BlackElo "1605"]
[PlyCount "97"]
[EventDate "1996.??.??"]

{5/(24)} 1. Nf3 Nf6 2. g3 g6 3. Bg2 Bg7 4. O-O O-O 5. Re1 d6 6. e4 Nbd7 7. d4
c6 8. Nbd2 e5 9. dxe5 Nxe5 10. Nxe5 dxe5 11. b3 Bg4 12. Bf3 Bxf3 13. Qxf3 Qd4
14. c3 Qd7 15. Nc4 Rfe8 16. Bg5 Qe7 17. Na5 Rab8 18. Rad1 Qe6 19. a4 b6 20. Nc4
Rbd8 21. Ne3 h6 22. Bxf6 Qxf6 23. Qe2 Rxd1 24. Rxd1 Rd8 25. Rxd8+ Qxd8 26. Qc4
Qd7 27. b4 Bf8 28. b5 cxb5 29. axb5 Bc5 30. Nd5 Kg7 31. Qe2 f5 32. c4 fxe4 33.
Qxe4 Qf5 34. Qe2 h5 35. h4 g5 36. hxg5 Qxg5 37. Kg2 h4 38. g4 Bd4 39. Kh3 Qc1
40. Kh2 Kh6 41. Qf3 Qg5 42. Kh3 e4 43. Qxe4 Bxf2 44. Qe6+ Kg7 45. Ne7 Kh7 46.
Qf7+ Qg7 47. Qh5+ Qh6 48. Qf5+ Kg7 49. Qxf2 1-0

[Event "Kalamazoo (Mini-Swiss.2/1)"]
[Site "?"]
[Date "1996.??.??"]
[Round "?"]
[White "Richter, William"]
[Black "Griffin, John"]
[Result "0-1"]
[WhiteElo "1605"]
[BlackElo "1605"]
[PlyCount "76"]
[EventDate "1996.??.??"]

{2/(1)} 1. d4 Nf6 2. Nc3 d5 3. e4 dxe4 4. f3 exf3 5. Nxf3 g6 6. Bc4 Nbd7 7. O-O
Bg7 8. Qe1 O-O 9. Qh4 Nb6 10. Bb3 Nbd5 11. Nxd5 Nxd5 12. c3 Nf6 13. Bh6 Bxh6
14. Qxh6 Ng4 15. Qf4 Qd6 16. Ne5 Nxe5 17. dxe5 Qb6+ 18. Kh1 Be6 19. Qh6 Bxb3
20. axb3 Qe6 21. Rf3 f6 22. Rh3 Rf7 23. exf6 exf6 24. Re3 Qd6 25. Rae1 Rd8 26.
Re8+ Rxe8 27. Rxe8+ Rf8 28. Rxf8+ Qxf8 29. Qxf8+ Kxf8 30. h4 Ke7 31. Kh2 Kd6
32. g4 Ke5 33. Kg3 Ke4 34. b4 b6 35. b3 a5 36. bxa5 bxa5 37. Kf2 Kd3 38. c4 Kc3
0-1

[Event "Flint (NI Jr/5/20)"]
[Site "?"]
[Date "1996.??.??"]
[Round "?"]
[White "Richardson, M."]
[Black "Venia, A."]
[Result "0-1"]
[WhiteElo "1605"]
[BlackElo "1605"]
[PlyCount "64"]
[EventDate "1996.??.??"]

{5/(20)} 1. d4 d5 2. Nf3 e6 3. Nc3 Nf6 4. Bg5 Be7 5. e3 O-O 6. Qe2 Nc6 7. e4
dxe4 8. Nxe4 Nxe4 9. Qxe4 Bxg5 10. Bd3 g6 11. Bb5 Bd7 12. O-O a6 13. d5 axb5
14. dxc6 Bxc6 15. Qe5 Bxf3 16. gxf3 c6 17. f4 Bf6 18. Rad1 Bxe5 19. Rxd8 Rfxd8
20. fxe5 Rd2 21. Rc1 Rxa2 22. Re1 Rxb2 23. Ra1 Rbxc2 24. Ra8+ Kg7 25. h4 b4 26.
Kg2 b3 27. h5 b2 28. Kg3 Rxf2 29. Kh4 b1=Q 30. Ra3 Rc4+ 31. Kg5 Qg1+ 32. Rg3
Qxg3# 0-1

[Event "Flint (MI Jr/1/19)"]
[Site "?"]
[Date "1996.??.??"]
[Round "?"]
[White "Richardson, M."]
[Black "Luckett, A."]
[Result "0-1"]
[WhiteElo "1605"]
[BlackElo "1605"]
[PlyCount "40"]
[EventDate "1996.??.??"]

{1/(19)} 1. e4 e5 2. Nf3 Nc6 3. Bb5 Bc5 4. O-O Nf6 5. Re1 O-O 6. Bxc6 dxc6 7.
Nxe5 Qd4 8. Qe2 Qxe5 9. Qc4 Ng4 10. h3 Bxf2+ 11. Kf1 Bxe1 12. Kxe1 Qg3+ 13. Kd1
Nf2+ 14. Ke1 Nd3+ 15. Ke2 Nxc1+ 16. Kd1 Bxh3 17. gxh3 Qf3+ 18. Ke1 Qg3+ 19. Kd1
Qg1+ 20. Qf1 Qxf1# 0-1

[Event "Cadillac Open/4/12"]
[Site "?"]
[Date "1996.??.??"]
[Round "?"]
[White "Revnell, Joseph"]
[Black "Smalec, John"]
[Result "0-1"]
[WhiteElo "1605"]
[BlackElo "1700"]
[PlyCount "86"]
[EventDate "1996.??.??"]

{4/12} 1. d4 Nf6 2. Nf3 e6 3. e3 g6 4. Bd3 Bg7 5. b3 d5 6. Ba3 b6 7. Nbd2 Ba6
8. Qe2 Bxd3 9. Qxd3 Nbd7 10. Ne5 Nxe5 11. dxe5 Nd7 12. Nf3 Nxe5 13. Nxe5 Bxe5
14. O-O-O c5 15. Qb5+ Qd7 16. Qxd7+ Kxd7 17. f4 Bg7 18. e4 Kc6 19. e5 Rhe8 20.
g4 f6 21. Bb2 fxe5 22. Bxe5 Bxe5 23. fxe5 Rf8 24. Rhf1 g5 25. c3 Kd7 26. Kd2 b5
27. Ke3 a5 28. h3 Ke7 29. Rc1 h6 30. Ke2 Rxf1 31. Rxf1 Rf8 32. Rxf8 Kxf8 33.
Ke3 Ke7 34. Kd2 Kd7 35. a3 Kc6 36. Kd3 c4+ 37. bxc4 bxc4+ 38. Kc2 Kc5 39. Kd2
d4 40. a4 Kd5 41. cxd4 Kxd4 42. Kc2 Kxe5 43. Kc3 Kd5 0-1

[Event "Cadillac Open/2/13"]
[Site "?"]
[Date "1996.??.??"]
[Round "?"]
[White "Revnell, Joseph"]
[Black "Kreger, David"]
[Result "1-0"]
[WhiteElo "1605"]
[BlackElo "1620"]
[PlyCount "93"]
[EventDate "1996.??.??"]

{2/13} 1. d4 Nf6 2. Nf3 b6 3. e3 Bb7 4. Nbd2 c5 5. c4 g6 6. b3 Bg7 7. Bb2 d6 8.
Qc2 Nbd7 9. h3 O-O 10. Be2 Qc7 11. d5 b5 12. a3 bxc4 13. bxc4 e6 14. e4 exd5
15. exd5 Rfe8 16. Qd3 Ba6 17. O-O Rab8 18. Bxf6 Nxf6 19. Rae1 Rb2 20. Bd1 Reb8
21. Re2 Qb7 22. Rfe1 Qxd5 23. Qxd5 Nxd5 24. Re8+ Bf8 25. Rxb8 Rxb8 26. cxd5 c4
27. Ne4 Kg7 28. Be2 Rc8 29. Rc1 f5 30. Nc3 Kf7 31. Nd4 Bg7 32. Ndb5 Ke7 33.
Nxa7 Rc5 34. Nc6+ Ke8 35. Nb4 Bb7 36. a4 Be5 37. Nba2 Kd7 38. Rb1 Kc8 39. Rb5
Rc7 40. a5 Bd4 41. Rb1 Be5 42. Rb4 Ba6 43. Rb6 Bb7 44. Bf3 Kd7 45. Nb5 Bc8 46.
Nxc7 Kxc7 47. Rc6+ 1-0

[Event "Lansing (MOR/7/37)"]
[Site "?"]
[Date "1996.??.??"]
[Round "?"]
[White "Renauer, D."]
[Black "Zydeck, B."]
[Result "1-0"]
[WhiteElo "1605"]
[BlackElo "1605"]
[PlyCount "40"]
[EventDate "1996.??.??"]

{7/(37)} 1. e4 e5 2. Nf3 Nc6 3. Bb5 Nge7 4. O-O d6 5. d4 Bd7 6. dxe5 a6 7. Bxc6
Bxc6 8. exd6 cxd6 9. Re1 d5 10. e5 Qd7 11. Ng5 Ng6 12. e6 fxe6 13. Nxe6 Bd6 14.
Nc5+ Qe7 15. Rxe7+ Nxe7 16. Ne4 Be5 17. Ng5 O-O 18. Qd3 g6 19. Qe2 Rf5 20. Nc3
Rd8 1-0

[Event "Lansing (MOR/1b/13)"]
[Site "?"]
[Date "1996.??.??"]
[Round "?"]
[White "Renauer, D."]
[Black "Stockman, David"]
[Result "0-1"]
[WhiteElo "1605"]
[BlackElo "1605"]
[PlyCount "84"]
[EventDate "1996.??.??"]

1. e4 e6 2. d4 d5 3. e5 c5 4. c3 Nc6 5. Nf3 Qb6 6. Be2 cxd4 7. cxd4 Bb4+ 8. Bd2
Bd7 9. O-O Nxd4 10. Be3 Nxf3+ 11. Bxf3 Qc7 12. Qd4 Ba5 13. Rc1 Bc6 14. Na3 Ne7
15. Nb5 Qd7 16. Nd6+ Kf8 17. Qf4 Ng6 18. Qd4 Bb6 19. Qb4 Bxe3 20. Nf5+ Kg8 21.
Nxe3 Nxe5 22. Be2 f6 23. f4 Nf7 24. Rd1 Qd6 25. Qxd6 Nxd6 26. Rac1 Kf7 27. Kf2
Ne4+ 28. Kf3 Rhd8 29. Bd3 f5 30. h3 d4 31. Nc2 Nc3+ 32. Kg3 Nxd1 33. Rxd1 a6
34. Bc4 Bb5 35. Bd3 Bxd3 36. Rxd3 Rac8 37. Rxd4 Rxd4 38. Nxd4 Rd8 39. Nb3 Rd1
40. Nc5 Rd2 41. Nxb7 Rxb2 42. a4 Rxb7 0-1

[Event "Lansing (MOR/5/37)"]
[Site "?"]
[Date "1996.??.??"]
[Round "?"]
[White "Renauer, D."]
[Black "Liu, Zhong"]
[Result "1/2-1/2"]
[WhiteElo "1605"]
[BlackElo "1605"]
[PlyCount "105"]
[EventDate "1996.??.??"]

{5/(37)} 1. e4 e5 2. Nf3 Nc6 3. Bb5 a6 4. Ba4 Nf6 5. O-O Be7 6. Re1 b5 7. Bb3
O-O 8. c3 d5 9. exd5 Nxd5 10. Nxe5 Nxe5 11. Rxe5 c6 12. Qf3 Bd6 13. Re2 Qh4 14.
h3 Bb7 15. d4 Rae8 16. Be3 Re7 17. Bxd5 cxd5 18. Nd2 Re6 19. a4 Rf6 20. Qg4
Qxg4 21. hxg4 Bc6 22. axb5 Bxb5 23. Ree1 Re6 24. Nb3 Rfe8 25. g3 g6 26. Kg2 Re4
27. Bd2 Rxe1 28. Rxe1 Rxe1 29. Bxe1 Kg7 30. Na5 Kf6 31. f4 Be2 32. Nb7 Be7 33.
g5+ Kf5 34. Kf2 Bc4 35. Kf3 Bb3 36. Bd2 Bd1+ 37. Ke3 Kg4 38. Be1 Bb3 39. Na5
Ba4 40. b3 Bb5 41. c4 dxc4 42. bxc4 Bd7 43. c5 Bd8 44. Nc4 Kf5 45. Ne5 Ke6 46.
Ke4 a5 47. d5+ Ke7 48. c6 Bf5+ 49. Kd4 Kd6 50. Nxf7+ Ke7 51. Nxd8 Kxd8 52.
Bxa5+ Kc8 53. Bb6 1/2-1/2

[Event "Ann Arbor (Fall Open/3/10)"]
[Site "?"]
[Date "1996.??.??"]
[Round "?"]
[White "Renauer, D."]
[Black "Frantz, John W"]
[Result "0-1"]
[WhiteElo "1605"]
[BlackElo "1605"]
[PlyCount "62"]
[EventDate "1996.??.??"]

{3/(10)} 1. e4 c5 2. Nf3 d6 3. d4 cxd4 4. Nxd4 a6 5. Nc3 Nf6 6. Be3 g6 7. Be2
Bg7 8. O-O O-O 9. Qd2 b5 10. b4 Qc7 11. a4 bxa4 12. Nxa4 Nxe4 13. Qd3 Bf5 14.
Qb3 Nc6 15. Rfd1 Bxd4 16. Bxd4 Nxd4 17. Rxd4 Nf6 18. Rc4 Qb7 19. Bf3 d5 20. Rc5
Be4 21. Bxe4 dxe4 22. Qc4 Rfc8 23. Rxc8+ Qxc8 24. Nb6 Qxc4 25. Nxc4 Nd5 26. b5
Nb4 27. bxa6 Nxc2 28. Nb6 Ra7 29. Nc8 Rc7 30. a7 Nxa1 31. Nxe7+ Kg7 0-1

[Event "Lansing (MOR/3/30)"]
[Site "?"]
[Date "1996.??.??"]
[Round "?"]
[White "Renauer, D."]
[Black "Dolin, Jack"]
[Result "1/2-1/2"]
[WhiteElo "1605"]
[BlackElo "1605"]
[PlyCount "141"]
[EventDate "1996.??.??"]

{3/(30)} 1. e4 e5 2. Nf3 Nc6 3. Bb5 a6 4. Ba4 Nf6 5. O-O d6 6. Re1 Bg4 7. c3
Be7 8. d4 b5 9. d5 Nb8 10. Bb3 O-O 11. h3 Bd7 12. Bg5 c6 13. Bxf6 Bxf6 14. c4
c5 15. Qd3 Qb6 16. Nc3 b4 17. Ne2 Bc8 18. Ng3 g6 19. Qe3 Qd8 20. Qh6 Bg7 21.
Qe3 Nd7 22. Ng5 Nf6 23. Rad1 Bh6 24. Nxf7 Bxe3 25. Nxd8 Bxf2+ 26. Kxf2 Nh5+ 27.
Kg1 Nxg3 28. Re3 Nxe4 29. Ne6 Bxe6 30. dxe6 Nf6 31. Rxd6 Rfd8 32. Rxd8+ Rxd8
33. Rxe5 Rc8 34. Ba4 Kf8 35. e7+ Kf7 36. g4 Ne8 37. Kg2 Kf6 38. Re3 Kf7 39. Kg3
Rc7 40. Bxe8+ Kxe8 41. Re5 Rxe7 42. Rxc5 Re2 43. Ra5 Rxb2 44. Rxa6 Rc2 45. Ra4
Rxc4 46. a3 Rc3+ 47. Kf4 bxa3 48. Ke5 Rxh3 49. Ke6 Re3+ 50. Kd6 Kf7 51. g5 Re6+
52. Kd5 Re3 53. Ra7+ Re7 54. Rxa3 Kg7 55. Rh3 Ra7 56. Ke5 Ra5+ 57. Kf4 Ra4+ 58.
Ke5 Ra8 59. Kf4 Rh8 60. Kg4 h5+ 61. gxh6+ Rxh6 62. Rxh6 Kxh6 63. Kh4 Kg7 64.
Kg5 Kf7 65. Kf4 Kf6 66. Kg4 g5 67. Kg3 Kg6 68. Kg4 Kh6 69. Kg3 Kg6 70. Kg4 Kf6
71. Kg3 1/2-1/2

[Event "Howell (US Am N/6/25)"]
[Site "?"]
[Date "1996.??.??"]
[Round "?"]
[White "Redman, D."]
[Black "Zuniga, Jesus"]
[Result "1-0"]
[WhiteElo "1720"]
[BlackElo "1605"]
[PlyCount "65"]
[EventDate "1996.??.??"]

{6/(25)} 1. d4 Nf6 2. c4 g6 3. Nc3 Bg7 4. e4 d6 5. Nf3 O-O 6. Be2 e5 7. O-O Nc6
8. d5 Ne7 9. Ne1 Ne8 10. Nd3 f5 11. f3 c6 12. Bd2 Bd7 13. b4 cxd5 14. cxd5 Nf6
15. Nf2 Qb6 16. Qb3 fxe4 17. fxe4 Bg4 18. Na4 Qd4 19. Be3 Qxa1 20. Rxa1 Bxe2
21. Nc3 Bg4 22. h3 Bd7 23. Rc1 a6 24. Na4 Bxa4 25. Qxa4 Rac8 26. b5 Rxc1+ 27.
Bxc1 Ra8 28. a3 Rc8 29. Bd2 Ra8 30. Bb4 Nc8 31. bxa6 Rxa6 32. Qb5 Rb6 33. Qc4
1-0

[Event "Howell (US Am N/4/13)"]
[Site "?"]
[Date "1996.??.??"]
[Round "?"]
[White "Redman, D."]
[Black "Kuba, J."]
[Result "1/2-1/2"]
[WhiteElo "1720"]
[BlackElo "1945"]
[PlyCount "58"]
[EventDate "1996.??.??"]

{4/(13)} 1. d4 d5 2. c4 c6 3. Nf3 dxc4 4. e3 b5 5. a4 a6 6. axb5 cxb5 7. b3 e6
8. bxc4 b4 9. Ne5 Qc7 10. c5 a5 11. Qa4+ Bd7 12. Bb5 Nf6 13. Nd2 Be7 14. Ndc4
O-O 15. Bd2 Bxb5 16. Qxb5 Nbd7 17. Nc6 Bd8 18. Bxb4 Nb8 19. Nxd8 Qxd8 20. O-O
Nc6 21. Bxa5 Nxa5 22. Rxa5 Nd5 23. Rxa8 Qxa8 24. Nb6 Qb7 25. Qb3 g6 26. Qb2 Rb8
27. f3 Qa6 28. Qf2 Qa5 29. Qc2 Nc7 {[Remainder illegible; 1/2-1/2, 39?]}
1/2-1/2

[Event "Howell (US Am N/2/8)"]
[Site "?"]
[Date "1996.??.??"]
[Round "?"]
[White "Redman, D."]
[Black "Helle, Frank"]
[Result "0-1"]
[WhiteElo "1720"]
[BlackElo "2025"]
[PlyCount "102"]
[EventDate "1996.??.??"]

{2/(8)} 1. d4 d5 2. c4 dxc4 3. Nf3 Nf6 4. e3 Bg4 5. Bxc4 e6 6. O-O Nbd7 7. b3
Be7 8. Bb2 c6 9. Nbd2 O-O 10. Rc1 Re8 11. Be2 Bf8 12. Ne5 Bxe2 13. Qxe2 Nxe5
14. dxe5 Nd5 15. Rfd1 Qa5 16. a4 Red8 17. Ne4 Rd7 18. Rd4 Rad8 19. Rcd1 c5 20.
R4d2 a6 21. Bc3 Qc7 22. a5 Nxc3 23. Nxc3 Rxd2 24. Rxd2 Qxa5 25. Rxd8 Qxd8 26.
f4 b5 27. Kf2 Qa5 28. Ne4 Qb4 29. Qc2 a5 30. Nd6 a4 31. bxa4 bxa4 32. Nc4 h6
33. Qd3 Be7 34. Ke2 g6 35. Kd1 Kg7 36. Kc2 Qb7 37. e4 f5 38. exf6+ Bxf6 39. e5
Qxg2+ 40. Kc3 Be7 41. Qd7 Qf3+ 42. Kc2 Qe4+ 43. Kc3 Qd4+ 44. Qxd4 cxd4+ 45.
Kxd4 g5 46. fxg5 hxg5 47. Ke4 a3 48. Nxa3 Bxa3 49. h3 Kg6 50. Kd4 Bb2+ 51. Ke4
Kh5 0-1

[Event "Detroit (Class DE/1/6)"]
[Site "?"]
[Date "1996.??.??"]
[Round "?"]
[White "Raupp, Sarah"]
[Black "Worley, Ron"]
[Result "1-0"]
[WhiteElo "1605"]
[BlackElo "1605"]
[PlyCount "51"]
[EventDate "1996.??.??"]

{1/(6)} 1. f4 Nf6 2. e3 c5 3. b3 d5 4. Bb2 Nc6 5. Bb5 e6 6. Nf3 Bd6 7. O-O O-O
8. Bxc6 bxc6 9. d3 Re8 10. Nbd2 Nd7 11. Ng5 Nf6 12. Qf3 h6 13. Nh3 Nd7 14. Qg3
e5 15. Rf3 d4 16. Ne4 Bc7 17. Raf1 Nf6 18. Nxf6+ Qxf6 19. fxe5 Qe6 20. exd4
cxd4 21. Bxd4 Bb6 22. c3 Re7 23. Kh1 Bb7 24. Nf4 Qd7 25. Nh5 f6 26. Nxf6+ 1-0

[Event "Detroit (Class DE/5/15)"]
[Site "?"]
[Date "1996.??.??"]
[Round "?"]
[White "Raupp, Sarah"]
[Black "Robinson, B."]
[Result "1-0"]
[WhiteElo "1605"]
[BlackElo "1605"]
[PlyCount "97"]
[EventDate "1996.??.??"]

{5/(15)} 1. f4 f5 2. e3 Nf6 3. b3 g6 4. Bb2 Bg7 5. Nf3 Nc6 6. Bb5 e6 7. O-O O-O
8. Bxc6 bxc6 9. d3 Ba6 10. Nbd2 d5 11. Ne5 Qd6 12. Rf3 Ng4 13. Bd4 Nxe5 14.
fxe5 Bxe5 15. Bxe5 Qxe5 16. Rg3 f4 17. exf4 Qxf4 18. Rf3 Qd4+ 19. Kh1 Rxf3 20.
Nxf3 Qf6 21. Rc1 Rd8 22. Qe2 Rd6 23. Rf1 Qb2 24. a4 c5 25. Qf2 c4 26. Ng5 Qg7
27. Qxa7 Qe7 28. Qa8+ Qd8 29. Qxd8+ Rxd8 30. Nxe6 Rc8 31. Nc5 Ra8 32. Rf6 cxd3
33. cxd3 Rb8 34. Rxa6 Re8 35. g3 Kf7 36. Ra7 Kf6 37. Rxc7 Kf5 38. a5 Kg4 39.
Kg1 Kf3 40. Rf7+ Ke2 41. Rf2+ Ke3 42. Kf1 g5 43. Re2+ Kd4 44. Rxe8 Kxc5 45. Re1
Kb4 46. Ra1 Kxb3 47. a6 Kc3 48. a7 Kxd3 49. a8=Q 1-0

[Event "Flint (MI Jr/4/22)"]
[Site "?"]
[Date "1996.??.??"]
[Round "?"]
[White "Raupp, Sarah"]
[Black "Pleasant, Andrew"]
[Result "0-1"]
[WhiteElo "1605"]
[BlackElo "1605"]
[PlyCount "65"]
[EventDate "1996.??.??"]

{4/(22)} 1. f4 d5 2. e3 Nf6 3. b3 g6 4. Bb2 Bg7 5. d3 O-O 6. Nd2 Nc6 7. Ngf3
Bg4 8. Be2 Qd7 9. O-O Qe6 10. Ne5 h5 11. Bf3 Rad8 12. Qe2 Nxe5 13. fxe5 Bxf3
14. Rxf3 Ng4 15. d4 c5 16. Raf1 cxd4 17. exd4 Rc8 18. c4 f6 19. cxd5 Qxd5 20.
exf6 Rxf6 21. Qxe7 Rxf3 22. Rxf3 Bxd4+ 23. Bxd4 Qxd4+ 24. Kh1 Rc1+ 25. Nf1 Nf2+
26. Kg1 Nd3+ 27. Kh1 Nf4 28. Qe8+ Kg7 29. Qe7+ Kh6 30. Qf8+ Kg5 31. Rg3+ Kh4
32. Qe7+ g5 33. Qxg5# 0-1

[Event "Lansing (MOR/2/35)"]
[Site "?"]
[Date "1996.??.??"]
[Round "?"]
[White "Raupp, Sarah"]
[Black "Meek, R."]
[Result "1-0"]
[WhiteElo "1605"]
[BlackElo "1605"]
[PlyCount "125"]
[EventDate "1996.??.??"]

{2/(35)} 1. f4 e5 2. fxe5 d6 3. exd6 Bxd6 4. Nf3 Nf6 5. g3 O-O 6. e3 Be6 7. d4
Qd7 8. Bd3 Bf5 9. Nc3 Bxd3 10. Qxd3 a6 11. Ng5 h6 12. Nge4 Nxe4 13. Nxe4 Qc6
14. Rg1 Re8 15. Nxd6 Qxd6 16. Bd2 Nc6 17. O-O-O Qd5 18. Kb1 a5 19. h4 Nb4 20.
Qb3 Qxb3 21. cxb3 Nd5 22. Rc1 c6 23. Rge1 Re4 24. Rc5 f6 25. a3 Kf7 26. Kc2 Kg6
27. Kd3 f5 28. Bxa5 Kh5 29. Bd2 Kg4 30. Rf1 g6 31. Rg1 Kf3 32. Rcc1 Kg4 33.
Rce1 Rae8 34. a4 Ra8 35. a5 Nc7 36. b4 Nb5 37. Kc4 Rd8 38. Bc3 Rde8 39. Kc5
Rxe3 40. Rxe3 Rxe3 41. Bd2 Rxg3 42. Rxg3+ Kxg3 43. Bxh6 Kxh4 44. Be3 g5 45. d5
g4 46. dxc6 bxc6 47. Kxc6 g3 48. Kxb5 Kg4 49. a6 f4 50. Bd4 f3 51. a7 f2 52.
Bxf2 gxf2 53. a8=Q f1=Q+ 54. Kb6 Qf6+ 55. Qc6 Qxb2 56. Qc4+ Kf5 57. Kc5 Qf2+
58. Qd4 Qc2+ 59. Kd5 Qa2+ 60. Qc4 Qa8+ 61. Qc6 Qd8+ 62. Kc4 Qg8+ 63. Qd5+ 1-0